[Event "Cannes Open A"]
[Site "Cannes France"]
[EventDate "2007.02.18"]
[Date "2007.02.21"]
[Round "4"]
[White "VERNAY, Clovis"]
[WhiteTitle "FM"]
[WhiteElo "2341"]
[Black "NIKCEVIC, Nebojsa"]
[BlackTitle "GM"]
[BlackElo "2448"]
[Result "0-1"]
[Source "MonRoi"]

1. d4 Nf6 2. c4 c6 3. Nc3 d5 4. Bg5 dxc4 5. a4 h6 6. Bh4 Qa5 7. e3 Ne4 8. Qc1 Be6 9. Nf3 Nd7 10. Be2 g5 11. Bg3 h5 12. h4 Nxg3 13. fxg3 gxh4 14. gxh4 Bh6 15. O-O O-O-O 16. Ne4 Bd5 17. Ng3 Rdg8 18. Nxh5 Be4 19. Nf4 e5 20. dxe5 Nxe5 21. Nxe5 Qxe5 22. Rf2 Bxg2 23. Ra3 Be4 24. Kf1 Bf8 25. Bxc4 Bxa3 26. Bxf7 Bd6  0-1

[Event "Cannes Open A"]
[Site "Cannes France"]
[EventDate "2007.02.18"]
[Date "2007.02.21"]
[Round "4"]
[White "FOISOR, Cristina Adela"]
[WhiteTitle "IM"]
[WhiteElo "2399"]
[Black "DUBREUIL, Julien"]
[BlackTitle "-"]
[BlackElo "2278"]
[Result "0-1"]
[Source "MonRoi"]

1. c4 e5 2. g3 Nf6 3. Bg2 d5 4. cxd5 Bc5 5. Nc3 O-O 6. e3 Re8 7. Nge2 Nbd7 8. d4 Bd6 9. dxe5 Nxe5 10. O-O Bg4 11. f3 Bd7 12. Nd4 Bc5 13. Kh1 Qc8 14. e4 Bh3 15. Bf4 Bxg2 16. Kxg2 Qd7 17. Rc1 a6 18. Nce2 Bb6 19. Qb3 h6 20. Rfd1 Rad8 21. Ne6 Nd3 22. Rxd3 fxe6 23. d6 Qb5 24. a4 Qxb3 25. Rxb3 e5 26. dxc7 Bxc7 27. Rxc7 exf4 28. Nxf4 Rd2 29. Kh3 g5 30. Nd5 g4 31. fxg4 Nxe4 32. Nf6 Nxf6 33. Rbxb7 Ree2 34. Rc8 Ne8 35. g5 h5 36. Rxe8 Rxe8 37. g6 Re4 38. b3 Rb2 39. Rb6 Rxa4 40. g4 Rxg4 41. g7 Rf2  0-1

[Event "Cannes Open A"]
[Site "Cannes France"]
[EventDate "2007.02.18"]
[Date "2007.02.21"]
[Round "4"]
[White "MIDOUX, Sebastien"]
[WhiteTitle "-"]
[WhiteElo "2358"]
[Black "PULITO, Alberto"]
[BlackTitle "-"]
[BlackElo "2239"]
[Result "1/2-1/2"]
[Source "MonRoi"]

1. d4 d5 2. c4 c6 3. Nc3 Nf6 4. Nf3 e6 5. e3 Bd6 6. Bd3 Nbd7 7. O-O dxc4 8. Bxc4 O-O 9. a4 Qe7 10. Qc2 e5 11. Bd3 Rd8 12. Bd2 Bb8 13. Rae1 h6 14. Bc1 Re8 15. dxe5 Nxe5 16. Nxe5 Bxe5 17. f4 Bxc3 18. bxc3 Ne4 19. f5 Qe5 20. g4 b6 21. c4 f6+  1/2-1/2

[Event "Cannes Open A"]
[Site "Cannes France"]
[EventDate "2007.02.18"]
[Date "2007.02.21"]
[Round "4"]
[White "ZELCIC, Robert"]
[WhiteTitle "GM"]
[WhiteElo "2557"]
[Black "FIERRO BAQUERO, Martha"]
[BlackTitle "IM"]
[BlackElo "2339"]
[Result "1-0"]
[Source "MonRoi"]

1. e4 d5 2. exd5 Qxd5 3. Nc3 Qa5 4. d4 c6 5. Bc4 Bf5 6. Nf3 Nf6 7. Bd2 e6 8. Ne4 Qd8 9. Ng3 Bg6 10. h4 Bd6 11. h5 Be4 12. Nxe4 Nxe4 13. Be3 Qa5 14. c3 Nd7 15. Bd3 Nef6 16. Nd2 Qc7 17. Qf3 Nd5 18. Ne4 Be7 19. Bd2 N7f6 20. Nxf6 Nxf6 21. Bf4 Qb6 22. h6 g6 23. Be5 Qd8 24. O-O-O O-O 25. Qg3 b5 26. Kb1 a5 27. f4 a4 28. a3 Qd5 29. Rdf1 Bxa3 30. Bxf6 Bxb2 31. Kxb2 Qb3 32. Kc1 Qxc3 33. Kd1 a3 34. Ke2 a2 35. Ra1 Qb2 36. Ke3 Ra3 37. Qe1 Qxg2 38. Be7 Rfa8 39. Bxa3 Rxa3 40. Qh4 Qd5 41. Rhc1 b4 42. Rxc6 Rxd3 43. Kxd3 Qb3 44. Kd2 Qc2 45. Ke3 Qb3 46. Kf2 Qb2 47. Kg3 Qa3 48. Kh2  1-0

[Event "Cannes Open A"]
[Site "Cannes France"]
[EventDate "2007.02.18"]
[Date "2007.02.21"]
[Round "4"]
[White "CORNETTE, Matthieu"]
[WhiteTitle "IM"]
[WhiteElo "2482"]
[Black "BRUNED, Yvain"]
[BlackTitle "FM"]
[BlackElo "2335"]
[Result "1-0"]
[Source "MonRoi"]

1. e4 c5 2. Nf3 d6 3. c3 Nf6 4. h3 g6 5. Bd3 Bg7 6. Bc2 O-O 7. O-O Nc6 8. d4 cxd4 9. cxd4 d5 10. e5 Ne8 11. Nc3 Nc7 12. Be3 f6 13. exf6 exf6 14. Qd2 Re8 15. Bh6 Bh8 16. Rfe1 Be6 17. Na4 b6 18. Rac1 Qd7 19. Bd3 Rac8 20. Rc3 Bf7 21. Rec1 Ne7 22. b3 Ne6 23. Ba6 Rxc3 24. Qxc3 Nf5 25. Bd2 Nd6 26. Qc2 Bg7 27. Bb4 Bh6 28. Qc6 Qxc6 29. Rxc6 Nf5 30. Bc3 Ne7 31. Rd6 Bf4 32. Rd7 Nc7 33. Bd2 Nxa6 34. Bxf4 Nc8 35. Nc3 Be6 36. Rb7 Re7 37. Rxe7 Nxe7 38. a3 g5 39. Bh2 Nc6 40. b4 Naxb4 41. axb4 Nxb4 42. Ne1 Nc6 43. Nc2 a6 44. Bc7 b5 45. Bd6 Kf7 46. Bc5 Ke8 47. Nb4 Nb8 48. Nbxd5 Kd7 49. Nxf6 Kc6 50. Ba7 Nd7 51. d5 Kd6 52. Nfe4  1-0

[Event "Cannes Open A"]
[Site "Cannes France"]
[EventDate "2007.02.18"]
[Date "2007.02.21"]
[Round "4"]
[White "BOSIOCIC, Marin"]
[WhiteTitle "IM"]
[WhiteElo "2474"]
[Black "CLERY, Nicolas"]
[BlackTitle "FM"]
[BlackElo "2324"]
[Result "1-0"]
[Source "MonRoi"]

1. d4 e6 2. c4 Nf6 3. Nf3 d5 4. e3 Be7 5. Nbd2 O-O 6. Bd3 c5 7. O-O Nc6 8. a3 cxd4 9. exd4 b6 10. cxd5 exd5 11. b4 Bg4 12. Bb2 Bd6 13. h3 Bh5 14. Qa4 Ne7 15. Ne5 Bg6 16. Nxg6 hxg6 17. Nf3 a6 18. b5 axb5 19. Qxb5 Ra5 20. Qb3 Qa8 21. Rfe1 Nf5 22. Ne5 Bxe5 23. dxe5 Ne4 24. Bxe4 dxe4 25. e6 Nh4 26. Qg3 Nf5 27. exf7 Rxf7 28. Qxg6 e3 29. fxe3 Rb5 30. Re2 Nh4 31. Qg4 Qd8 32. Rc1 Qd3 33. Rc8  1-0

[Event "Cannes Open A"]
[Site "Cannes France"]
[EventDate "2007.02.18"]
[Date "2007.02.21"]
[Round "4"]
[White "FELLER, Sebastien"]
[WhiteTitle "FM"]
[WhiteElo "2431"]
[Black "MUFIC, Goran"]
[BlackTitle "IM"]
[BlackElo "2312"]
[Result "1/2-1/2"]
[Source "MonRoi"]

1. c4 c6 2. d4 d5 3. Nc3 Nf6 4. Nf3 e6 5. e3 Nbd7 6. Bd3 Be7 7. O-O O-O 8. e4 dxe4 9. Nxe4 b6 10. Nxf6 Bxf6 11. Qe2 Bb7 12. Qe4 g6 13. Bh6 Bg7 14. Bxg7 Kxg7 15. Rac1 Nf6 16. Qe5 c5 17. Be2 Qb8 18. Rfd1 Rd8 19. dxc5 Rxd1 20. Rxd1 Bxf3 21. Qxb8 Rxb8 22. Bxf3 bxc5 23. b3 e5 24. Rd6 Rb6 25. Rd8 Ra6 26. Rd2 e4 27. Bd1 Kf8 28. Kf1 Ke7 29. Ke1 Nd7 30. f3 exf3 31. Bxf3 Re6 32. Kf2 Rd6 33. Re2 Re6 34. Bd5 Rxe2 35. Kxe2 f5 36. Kd3 Kd6 37. Kc3 a5 38. Kb2 g5 39. Kc3 Ke5 40. a3 Nf6 41. Bc6 Ne4 42. Kd3 Nf2 43. Kc3 Nd1 44. Kd2 Nf2 45. Kc3 f4 46. b4 axb4 47. axb4 cxb4 48. Kxb4 Kd4 49. h3 Nd3 50. Kb5 Ne5 51. Bd5 h5 52. Be6 Nd3 53. Bf7 g4 54. hxg4 hxg4 55. Be6 g3 56. Bh3 Nc5 57. Kb4 Ne4 58. Bg4 Nf2 59. Bf3 Nd3 60. Kb5 Nc5 61. Bg4 Nb3 62. Bf3 Nc5 63. Bg4 Nb7 64. Kb4 Nc5 65. Kb5 Nb3 66. Bf3 Nc5 67. Bg4 Nb7 68. Kb4 Nc5  1/2-1/2

[Event "Cannes Open A"]
[Site "Cannes France"]
[EventDate "2007.02.18"]
[Date "2007.02.21"]
[Round "4"]
[White "WEILL, Roland"]
[WhiteTitle "FM"]
[WhiteElo "2261"]
[Black "WOHL, Aleksandar"]
[BlackTitle "-"]
[BlackElo "2425"]
[Result "0-1"]
[Source "MonRoi"]

1. Nf3 Nf6 2. g3 b5 3. Bg2 Bb7 4. a4 b4 5. O-O e6 6. d3 Be7 7. e4 d5 8. Re1 O-O 9. Nbd2 c5 10. exd5 exd5 11. d4 c4 12. Ne5 Qc7 13. Qf3 c3 14. bxc3 bxc3 15. Nb3 Na6 16. Nd3 Ne4 17. Qd1 Rfe8 18. Bf4 Qd8 19. f3 Nf6 20. Bf1 Nd7 21. Ne5 Nxe5 22. dxe5 Nc5 23. Nd4 a6 24. Bd3 Bf8 25. Bc1 Qb6 26. Kg2 f6 27. Bf4 g5 28. Rb1 Qc7 29. Be3 fxe5 30. Nf5 g4 31. Bxc5 Bxc5 32. Nh6 Kh8 33. Nxg4 e4 34. Be2 Bc6 35. Nf6 Red8 36. Qc1 Qg7 37. Nh5 Qd4 38. Qh6 Rd6 39. Qf4 Rg6 40. fxe4 Rf8 41. Rb8 Rgg8 42. Rxf8 Rxf8 43. Qh6 Qxe4 44. Kh3 Bd7 45. g4 Qg6 46. Qxg6 hxg6 47. Ng3 Bxa4 48. Bxa6 Bxc2 49. Rc1 Rf2 50. Bd3 Bxd3 51. Rxc3 Bc4  0-1

[Event "Cannes Open A"]
[Site "Cannes France"]
[EventDate "2007.02.18"]
[Date "2007.02.21"]
[Round "4"]
[White "FOISOR, Ovidiu Doru"]
[WhiteTitle "IM"]
[WhiteElo "2418"]
[Black "VILLENEUVE, Alain"]
[BlackTitle "IM"]
[BlackElo "2287"]
[Result "1-0"]
[Source "MonRoi"]

1. d4 Nf6 2. c4 e6 3. Nc3 Bb4 4. a3 Bxc3 5. bxc3 c5 6. e3 Nc6 7. Bd3 O-O 8. Ne2 b6 9. e4 Ne8 10. O-O Ba6 11. f4 f5 12. exf5 exf5 13. dxc5 Na5 14. Ng3 Rc8 15. cxb6 Qxb6 16. Kh1 Bxc4 17. Nxf5 Rxf5 18. Bxf5 Bxf1 19. Qxf1 Nf6 20. Qd3 Re8 21. Bd2 d5 22. Re1 Rxe1 23. Bxe1 Qd6 24. Qe3 Kf8 25. c4 d4 26. Qf3 Nc6 27. h3 g6 28. Bd3 Kg7 29. Bh4 Nd7 30. Qd5 Qxd5 31. cxd5 Na5 32. Bb5 Nf6 33. d6 Nb7 34. d7 d3 35. Be1 Kf7 36. Bxd3 Nxd7 37. Bc4 Kf6 38. Bf2 Nd6 39. Bd3 a5 40. g4 Ke6 41. Kg2 Kd5 42. Kf3 Nc5 43. Bb1 Nb5 44. Ba2 Kd6 45. Bg8 h6 46. Bf7 g5 47. fxg5 hxg5 48. Be3 Nxa3 49. Bxg5 Nc2 50. h4 a4 51. h5 Nd4 52. Ke3 Nde6 53. Bf6 a3 54. h6 Nf8 55. Bg8 Ncd7 56. Bc3 Ng6 57. h7 Nde5 58. g5 Nh8 59. Ke4 Neg6 60. Bb4  1-0

[Event "Cannes Open A"]
[Site "Cannes France"]
[EventDate "2007.02.18"]
[Date "2007.02.21"]
[Round "4"]
[White "HRZICA, Rok"]
[WhiteTitle "-"]
[WhiteElo "2257"]
[Black "PETROSIAN, Suren"]
[BlackTitle "IM"]
[BlackElo "2391"]
[Result "1/2-1/2"]
[Source "MonRoi"]

1. e4 e6 2. d4 d5 3. Nd2 Be7 4. c3 c5 5. Ngf3 Nc6 6. dxc5 Bxc5 7. exd5 exd5 8. Nb3 Bb6 9. Bd3 Nge7 10. O-O O-O 11. Nbd4 Nxd4 12. Nxd4 Bxd4 13. cxd4 Bf5 14. Be2 Nc6 15. b3 Qh4 16. Be3 Rfe8 17. Bb5 Re6 18. Bxc6 bxc6 19. Qf3 Be4 20. Qf4 Qe7 21. Bd2 Re8 22. Rfe1 Rf6 23. Qe3 Re6 24. Qf4 Qa3 25. f3 Bg6 26. Rxe6 fxe6 27. Qe3 h6  1/2-1/2

[Event "Cannes Open A"]
[Site "Cannes France"]
[EventDate "2007.02.18"]
[Date "2007.02.21"]
[Round "4"]
[White "LECONTE, Maria"]
[WhiteTitle "WGM"]
[WhiteElo "2377"]
[Black "RAVOT, Sylvain"]
[BlackTitle "-"]
[BlackElo "2218"]
[Result "1-0"]
[Source "MonRoi"]

1. e4 c5 2. Nf3 e6 3. d4 cxd4 4. Nxd4 a6 5. Nc3 b5 6. Be2 Bb7 7. Bf3 Qc7 8. O-O Nc6 9. Nxc6 dxc6 10. Qe2 Bd6 11. g3 Nf6 12. Bg2 O-O 13. Nd1 a5 14. Re1 Nd7 15. Ne3 Ba6 16. f4 f5 17. Qf3 Rac8 18. exf5 exf5 19. Bd2 g6 20. Rad1 Bc5 21. Bc3 b4 22. Bd4 Rfe8 23. c3 Qb6 24. g4 bxc3 25. bxc3 fxg4 26. Qxg4 Bxd4 27. cxd4 Nf6 28. Qh4 Kg7 29. Qg5 Qb5 30. Bh3 Rcd8 31. Nf5 Kg8 32. Ne7 Rxe7 33. Rxe7 Rxd4 34. Be6  1-0

[Event "Cannes Open A"]
[Site "Cannes France"]
[EventDate "2007.02.18"]
[Date "2007.02.21"]
[Round "4"]
[White "FOISOR, Sabina Francesca"]
[WhiteTitle "WIM"]
[WhiteElo "2342"]
[Black "CORDARA, Michele"]
[BlackTitle "FM"]
[BlackElo "2169"]
[Result "1/2-1/2"]
[Source "MonRoi"]

1. d4 Nf6 2. c4 e5 3. dxe5 Ng4 4. Nf3 Bc5 5. e3 Nc6 6. Be2 Ngxe5 7. Nc3 Nxf3 8. Bxf3 Ne5 9. Be2 O-O 10. a3 a5 11. Rb1 Re8 12. b4 axb4 13. axb4 Bf8 14. O-O Nc6 15. Nd5 Ne7 16. Bb2 Nxd5 17. cxd5 Bd6 18. Bd4 b6 19. f4 Bb7 20. Bc4 Re4 21. Rf3 Qe8 22. Qb3 Rxd4 23. exd4 Qe4 24. Rd1 b5 25. Bxb5 Bxd5 26. Bc4 Bxc4 27. Qxc4 Ra4 28. Qb5 Rxb4 29. Qxd7 h6 30. Rff1 Rxd4 31. Qc8 Kh7 32. Rde1 Qd5 33. Qg4 f5 34. Qg3 Rd3 35. Rf3 Rxf3 36. Qxf3 Qxf3 37. gxf3 Bxf4 38. Re6 Kg8 39. h3 Kf7 40. Rc6 Bd6 41. Kf2 Ke6 42. Ke3 Kd5 43. Rc2 Be5 44. Kd3 c5 45. Rc4 Bd4 46. Ra4 Ke5 47. Ra8 Kf4 48. Rf8 Bf6 49. Rc8 Bd4 50. Rf8 g5 51. Ke2 c4 52. Rc8 c3 53. Rc4 Ke5 54. Kd3 c2 55. Rxc2 Bg1 56. Rc4 Bh2 57. Ra4 Bg3 58. Ke2 h5 59. Rb4 h4 60. Ra4 Bh2 61. Ke3 Bg1 62. Kd3 Bh2 63. Rb4 Bg1 64. f4 gxf4 65. Ke2 Bh2 66. Kf3 Bg3 67. Rb8 Ke6 68. Rf8 Ke5 69. Re8 Kf6 70. Re2 Kf7 71. Re5 Kf6 72. Rb5 Ke6 73. Rb6 Ke5 74. Ra6 Kd5 75. Ra5 Ke6 76. Ra6 Ke5 77. Ra5 Ke6  1/2-1/2

[Event "Cannes Open A"]
[Site "Cannes France"]
[EventDate "2007.02.18"]
[Date "2007.02.21"]
[Round "4"]
[White "ARSENAULT, Nicolas"]
[WhiteTitle "-"]
[WhiteElo "2112"]
[Black "SARAVANAN, V"]
[BlackTitle "IM"]
[BlackElo "2374"]
[Result "0-1"]
[Source "MonRoi"]

1. e4 c5 2. Nf3 d6 3. d4 cxd4 4. Nxd4 Nf6 5. Nc3 a6 6. Be3 e5 7. Nb3 Be7 8. f3 Be6 9. Qd2 O-O 10. O-O-O Nbd7 11. g4 Qc7 12. Kb1 b5 13. g5 Nh5 14. Nd5 Bxd5 15. exd5 Nb6 16. Qf2 Nc4 17. Bc1 g6 18. h4 Rfe8 19. Bh3 Bf8 20. Bg4 Nf4 21. h5 Bg7 22. hxg6 hxg6 23. Qh2 a5 24. Bxf4 exf4 25. Nd4 Qc5 26. Be6 Ra7 27. Qh7 Kf8 28. c3 b4 29. Bxf7 Rxf7 30. Qxg6 bxc3 31. Ne6 Rxe6 32. dxe6 Na3 33. bxa3 Rb7 34. Kc2 Rb2  0-1

[Event "Cannes Open A"]
[Site "Cannes France"]
[EventDate "2007.02.18"]
[Date "2007.02.21"]
[Round "4"]
[White "FARGERE, Francois"]
[WhiteTitle "FM"]
[WhiteElo "2330"]
[Black "LELIMOUSIN, Vincent"]
[BlackTitle "-"]
[BlackElo "2142"]
[Result "1-0"]
[Source "MonRoi"]

1. e4 e5 2. Nf3 Nc6 3. Bb5 a6 4. Bxc6 dxc6 5. O-O f6 6. d4 Bg4 7. c3 Qd7 8. Be3 O-O-O 9. Nbd2 exd4 10. cxd4 g5 11. Qc2 Ne7 12. b4 Ng6 13. Rfb1 Qe6 14. a4 Re8 15. Ne1 Be2 16. Nb3 Bc4 17. Na5 b5 18. axb5 axb5 19. f3 Kd7 20. Nxc4 Qxc4 21. Qxc4 bxc4 22. Bd2 Rb8 23. g3 Bd6 24. Nc2 Rb7 25. Ra4 Rhb8 26. Rba1 Nf8 27. Bc3 Ke6 28. Ra6 Kd7 29. R6a4 Ke6 30. Re1 Nd7 31. e5 fxe5 32. dxe5 Bf8 33. Nd4 Kd5 34. e6 Ne5 35. Ra5 c5 36. bxc5 Rb1 37. c6 Bc5 38. Rxb1 Rxb1 39. Kg2 Nxc6 40. Nxc6 Kxc6 41. f4 g4 42. h3 Rc1 43. Rxc5 Kxc5 44. e7 Rc2 45. Kf1 gxh3 46. e8Q Rxc3 47. Qe7 Kd4 48. Ke2 Rc2 49. Kf3 Rc3 50. Kf2 Rc2 51. Kf3 Rc3 52. Kg4 h2 53. Qe5 Kd3 54. Qd5 Kc2 55. Qg2 Kb3 56. Qxh2 Rc2 57. Qxh7 c3 58. Qxc7 Rd2 59. Qb6 Kc4 60. f5 c2 61. f6 Kd3 62. Qb3  1-0

[Event "Cannes Open A"]
[Site "Cannes France"]
[EventDate "2007.02.18"]
[Date "2007.02.21"]
[Round "4"]
[White "ROUSSIERE, Christophe"]
[WhiteTitle "-"]
[WhiteElo "2139"]
[Black "STRUK, Jerzy"]
[BlackTitle "-"]
[BlackElo "2260"]
[Result "0-1"]
[Source "MonRoi"]

1. e4 c5 2. Nc3 Nc6 3. f4 g6 4. Bb5 Bg7 5. Nf3 Nd4 6. O-O Nxb5 7. Nxb5 d6 8. d3 a6 9. Nc3 e6 10. Qe1 Ne7 11. f5 gxf5 12. Qh4 h6 13. Qh5 Qc7 14. Bd2 Bxc3 15. Bxc3 e5 16. exf5 Bxf5 17. Nh4 Be6 18. Rf6 O-O-O 19. Rxh6 Rxh6 20. Qxh6 Rg8 21. Rf1 Qd7 22. Qh7 Bd5 23. Rf2 Qg4 24. h3 Qe6 25. Nf5 Rg6 26. Nxe7 Qxe7 27. b4 cxb4 28. Bxb4 Qg5 29. Bd2 Qg3 30. Kf1 Bxg2 31. Ke2 Bd5 32. Qh8 Rg8 33. Qh6 Be6 34. Qe3 Qxe3 35. Bxe3 Rh8 36. a4 Rxh3 37. a5 Bg4 38. Kd2 f5 39. Rg2 Kd7 40. Ba7 Kc6 41. Bb6 d5 42. Bd8 Rh1 43. Bb6 d4 44. c3 Ra1 45. Rg3 Ra2 46. Kc1 dxc3 47. d4 exd4 48. Bxd4 Rxa5 49. Bxc3 Rd5  0-1

[Event "Cannes Open A"]
[Site "Cannes France"]
[EventDate "2007.02.18"]
[Date "2007.02.21"]
[Round "4"]
[White "BRUNED, Boris"]
[WhiteTitle "-"]
[WhiteElo "2211"]
[Black "MALEKI, Nicolas"]
[BlackTitle "-"]
[BlackElo "2116"]
[Result "0-1"]
[Source "MonRoi"]

1. e4 e5 2. Nf3 Nc6 3. Bb5 a6 4. Bxc6 dxc6 5. Nc3 f6 6. d4 exd4 7. Qxd4 Qxd4 8. Nxd4 Bd7 9. Bf4 O-O-O 10. O-O-O Ne7 11. Bg3 Ng6 12. f3 h5 13. h4 Ne5 14. Nce2 c5 15. Nf5 g6 16. Ne3 Bh6 17. Bf4 Bg7 18. Rd5 b6 19. Rhd1 Be6 20. Rxd8 Rxd8 21. Rxd8 Kxd8 22. Bxe5 fxe5 23. g4 c6 24. c4 Kc7 25. Kc2 b5 26. b3 Kb6 27. Nc1 Bh6 28. g5 Bf8 29. Nd3 Bd6 30. a3 b4 31. a4 a5 32. Kd2 Kc7 33. Nd1 Kd7 34. N1f2 Ke7 35. Ke2 Kf7 36. Ke3 Bd7 37. f4 exf4 38. Kf3 Ke6 39. Nxf4 Kf7 40. N4d3 Ke6 41. Nf4 Kf7 42. N2d3 Bg4 43. Kg3 Bd1 44. e5 Bc7 45. e6 Ke7 46. Nxc5 Bd6 47. Nb7 Bxb3 48. Nxa5 Bxa4 49. Kf3 Bxf4 50. Kxf4 b3  0-1

[Event "Cannes Open A"]
[Site "Cannes France"]
[EventDate "2007.02.18"]
[Date "2007.02.21"]
[Round "4"]
[White "SORCINELLI, Francesco"]
[WhiteTitle "-"]
[WhiteElo "2123"]
[Black "SAATDJIAN, Thomas"]
[BlackTitle "-"]
[BlackElo "2187"]
[Result "1/2-1/2"]
[Source "MonRoi"]

1. e4 e6 2. d4 d5 3. Nc3 Bb4 4. exd5 exd5 5. Qf3 Ne7 6. Bd3 Nbc6 7. Nge2 Be6 8. Be3 Qd7 9. h3 Bf5 10. Bxf5 Qxf5 11. Qxf5 Nxf5 12. O-O-O O-O-O 13. a3 Bxc3 14. Nxc3 Rd7 15. Rhe1 h6 16. g4 Nfe7 17. Bf4 Ng6 18. Bg3 Nce7 19. Re2 f5 20. Rde1 h5 21. gxf5 Nxf5 22. Re8+ Rxe8 23. Rxe8+ Rd8 24. Rxd8 Kxd8 25. Nxd5 c6 26. Nf4 Nxf4 27. Bxf4 Nxd4 28. Be3 Ne6 29. Bxa7 c5 30. Bb8 Kd7 31. Kd2 Ng5 32. h4 Nf3 33. Ke3 Nxh4 34. Kf4 Ng2 35. Kg5 h4 36. c4 Ke6 37. Kg4 Ne1 38. f4 Nd3 39. b3 Nc1 40. b4 cxb4 41. axb4 Nd3 42. b5 Nb2 43. c5 Kd5 44. c6 bxc6 45. bxc6 Kxc6 46. Be5 Nd3  1/2-1/2

[Event "Cannes Open A"]
[Site "Cannes France"]
[EventDate "2007.02.18"]
[Date "2007.02.21"]
[Round "4"]
[White "VANDERBEEKEN, Mikael"]
[WhiteTitle "-"]
[WhiteElo "2113"]
[Black "FLEAR, Christine"]
[BlackTitle "WIM"]
[BlackElo "2160"]
[Result "0-1"]
[Source "MonRoi"]

1. e4 c5 2. Nf3 Nc6 3. d4 cxd4 4. Nxd4 Qb6 5. Nb3 Nf6 6. Nc3 e6 7. a3 d6 8. Bf4 Ne5 9. Bxe5 dxe5 10. Bb5 Bd7 11. Bxd7 Nxd7 12. O-O Be7 13. Qg4 g6 14. Rad1 Rd8 15. Rd3 O-O 16. Qg3 Nc5 17. Nxc5 Qxc5 18. Rfd1 Rd4 19. b4 Qxc3  0-1

[Event "Cannes Open A"]
[Site "Cannes France"]
[EventDate "2007.02.18"]
[Date "2007.02.21"]
[Round "4"]
[White "WAGNER, Steven"]
[WhiteTitle "-"]
[WhiteElo "2083"]
[Black "PEPINO, Enrico"]
[BlackTitle "-"]
[BlackElo "2189"]
[Result "1-0"]
[Source "MonRoi"]

1. e4 c5 2. Nf3 d6 3. d4 cxd4 4. Nxd4 Nf6 5. Nc3 g6 6. Be3 Bg7 7. f3 O-O 8. Qd2 Nc6 9. Bc4 Bd7 10. O-O-O b5 11. Bxb5 Ne5 12. Be2 Qb8 13. Bh6 Rc8 14. Bxg7 Kxg7 15. g4 Qb7 16. g5 Nh5 17. f4 Nc4 18. Bxc4 Rxc4 19. b3 Rc5 20. Nd5+ Be6 21. c4 Bxd5 22. exd5 Qxd5 23. Rhe1 Qb7 24. Ne2 Rac8 25. Qd3 d5 26. Qc3 Kg8 27. Rd4 a5 28. Red1 e6 29. Kb1 Ng7 30. Qf3 Nf5 31. R4d2 Rxc4 32. Rb2 R4c7 33. h4 Qb6 34. h5 Ne3 35. Rh1 Nc2 36. hxg6 fxg6 37. a4 Nd4 38. Qe3 Qd6 39. Nxd4  1-0

[Event "Cannes Open A"]
[Site "Cannes France"]
[EventDate "2007.02.18"]
[Date "2007.02.21"]
[Round "4"]
[White "MULLER, Anne"]
[WhiteTitle "WIM"]
[WhiteElo "2188"]
[Black "WUNDERMAN, Xavier"]
[BlackTitle "-"]
[BlackElo "2113"]
[Result "0-1"]
[Source "MonRoi"]

1. e4 c6 2. c4 d6 3. d4 Nd7 4. Nf3 e5 5. Nc3 Ngf6 6. Be2 Be7 7. O-O O-O 8. b3 Re8 9. Bb2 Qc7 10. Qc2 Nf8 11. Rad1 Ng6 12. g3 Bf8 13. Rfe1 Bg4 14. d5 c5 15. a3 Qc8 16. Qd3 Bh5 17. Rb1 h6 18. Bf1 Nd7 19. Bh3 Qd8 20. Bc1 Nf6 21. Bd2 Nh8 22. b4 g5 23. Bf5 b6 24. h4 gxh4 25. Nxh4 Ng6 26. Nxg6 fxg6 27. Be6 Kg7 28. bxc5 dxc5 29. Qe3 g5 30. f4 Rxe6 31. dxe6 Ng4 32. Qe2 Qd4 33. Kg2 exf4 34. gxf4 gxf4 35. Bxf4 Qxc3 36. Rh1 Qf6 37. Bc1 Qg6 38. Kf1 Bd6 39. Bb2 Kh7 40. Rg1 Rf8 41. Ke1 Rf4 42. Kd2 Rxe4  0-1

[Event "Cannes Open A"]
[Site "Cannes France"]
[EventDate "2007.02.18"]
[Date "2007.02.21"]
[Round "4"]
[White "FORTINO, Fabrizio"]
[WhiteTitle "-"]
[WhiteElo "2076"]
[Black "RICTER, Jean Paul"]
[BlackTitle "-"]
[BlackElo "2174"]
[Result "0-1"]
[Source "MonRoi"]

1. e4 d5 2. exd5 c6 3. c4 cxd5 4. d4 Nf6 5. Nc3 Nc6 6. Nf3 Bg4 7. cxd5 Nxd5 8. Be2 e6 9. O-O Bb4 10. Qd3 O-O 11. a3 Bxc3 12. bxc3 Bf5 13. Qd2 Na5 14. Qb2 Rc8 15. Bd2 Qb6 16. Qxb6 Nxb6 17. Ra2 Nb3 18. c4 Nxc4 19. Bxc4 Rxc4 20. Be3 b6 21. h3 Rfc8 22. Kh2 Be4 23. Rb2 Rc3 24. Nd2 Nxd2 25. Rxd2 Rxa3 26. Re1 Rb3 27. Ra2 a5 28. Rc1 Rxc1 29. Bxc1 Kf8 30. f3 Bb1 31. Rb2 Rxb2 32. Bxb2 Ba2 33. Kg1 Bd5 34. Bc3 Ke7 35. Kf2 Kd6 36. Ke3 Kc6 37. Kd3 Kb5 38. Kc2 Ka4 39. Kb2 b5  0-1

[Event "Cannes Open A"]
[Site "Cannes France"]
[EventDate "2007.02.18"]
[Date "2007.02.21"]
[Round "4"]
[White "VINSOT, Robin Gael"]
[WhiteTitle "-"]
[WhiteElo "2165"]
[Black "LIBENS, Michel"]
[BlackTitle "-"]
[BlackElo "2104"]
[Result "1/2-1/2"]
[Source "MonRoi"]

1. d4 Nf6 2. c4 g6 3. Nc3 Bg7 4. e4 d6 5. f3 O-O 6. Be3 e5 7. Nge2 Nfd7 8. d5 Bh6 9. Bxh6 Qh4 10. g3 Qxh6 11. Qd2 Qxd2 12. Kxd2 c6 13. Ke3 Nb6 14. Nc1 Na6 15. a3 Bd7 16. dxc6 bxc6 17. b4 c5 18. b5 Nc7 19. a4 a5 20. Nd5 Ncxd5 21. cxd5 f5 22. Be2 fxe4 23. fxe4 h5 24. Rf1 Rxf1 25. Bxf1 Bg4 26. Be2 Bxe2 27. Kxe2 Kf7 28. Ra3 Ke7 29. Nd3 Rf8 30. Nb2 Kd7 31. Rc3 Kc7 32. Rc2 h4 33. Rc1 hxg3 34. hxg3 Rh8 35. Kf3 Rh2 36. Rb1 Rc2 37. Kg4 c4 38. Kg5 c3 39. Nd1 Rg2 40. Rc1 Nxa4 41. g4 Rg3 42. Kf6 Rxg4 43. Nxc3 Nxc3 44. Rxc3 Kb6 45. Ke6 Rxe4 46. Kxd6 Kxb5 47. Ke7 Kb4 48. Rc6 Rh4 49. d6 a4  1/2-1/2

[Event "Cannes Open A"]
[Site "Cannes France"]
[EventDate "2007.02.18"]
[Date "2007.02.21"]
[Round "4"]
[White "SCHMITZ, Andreas Arnold"]
[WhiteTitle "c"]
[WhiteElo "2101"]
[Black "DIOTALLEVI, Maurizio"]
[BlackTitle "-"]
[BlackElo "2154"]
[Result "0-1"]
[Source "MonRoi"]

1. e4 e6 2. d4 d5 3. Nd2 c5 4. dxc5 Bxc5 5. Nb3 Bb6 6. exd5 exd5 7. Qe2 Ne7 8. Be3 Nbc6 9. Bxb6 Qxb6 10. Qb5 Qc7 11. O-O-O O-O 12. Nf3 Bd7 13. Nc5 Bc8 14. Qa4 Qb6 15. Qa3 Bg4 16. Be2 Rfc8 17. Kb1 Rc7 18. Rd3 Nd8 19. Nd4 Bxe2 20. Na4 Qf6 21. Nxe2 Qxf2 22. Nec3 d4 23. Rhd1 Ne6 24. Nb6 Rf8 25. R3d2 Qf5 26. g4 Qc5 27. Qxc5 Rxc5 28. Nd7 dxc3 29. Re2 Rb5 30. Nxf8 Rxb2 31. Ka1 Kxf8 32. Rd3 Rb4 33. Rxc3 Rxg4 34. Rb3 b6 35. Rd2 Ke8 36. Ra3 Nc6 37. Rd6 Rc4 38. Kb2 Ke7 39. Rd2 h5 40. Rad3 Ne5 41. Rc3 g5 42. Rd5 Rxc3 43. Kxc3 f6 44. Kd2 Nf3 45. Ke3 Nxh2 46. Rd3 Ng4 47. Kd2 Ne5  0-1

[Event "Cannes Open A"]
[Site "Cannes France"]
[EventDate "2007.02.18"]
[Date "2007.02.21"]
[Round "4"]
[White "BES, Stephane"]
[WhiteTitle "-"]
[WhiteElo "2151"]
[Black "ASTENGO, Corrado"]
[BlackTitle "-"]
[BlackElo "2085"]
[Result "0-1"]
[Source "MonRoi"]

1. e4 e6 2. d4 d5 3. Nd2 dxe4 4. Nxe4 Nd7 5. Nf3 Ngf6 6. Nxf6 Nxf6 7. Bd3 c5 8. dxc5 Bxc5 9. Qe2 O-O 10. Bg5 h6 11. Bh4 Qa5 12. c3 Nd5 13. Qd2 Bd7 14. O-O Bd6 15. Bg3 Bxg3 16. hxg3 Bb5 17. Rfe1 Bxd3 18. Qxd3 Rfd8 19. Qe2 Nf6 20. a3 Rd7 21. Ne5 Rd5 22. Nc4 Qc7 23. Ne3 Rd7 24. Rad1 Rad8 25. Rxd7 Rxd7 26. Rd1 Rxd1 27. Qxd1 Qb6 28. b4 Qc7 29. Qd4 b6 30. a4 Qd7 31. Qxd7 Nxd7 32. Kf1 Kf8 33. Ke2 Ke7 34. Nc4 e5 35. Ne3 Ke6 36. Kd3 h5 37. f3 f5 38. Nd1 g5 39. Nf2 g4 40. Kc4 a6 41. Kd3 Nf6 42. c4 Kd6 43. Kc3 Nd7 44. Nd1 Nf6 45. b5 a5 46. Ne3 f4 47. gxf4 exf4 48. Nf5 Kc5 49. Nd4 gxf3 50. Nxf3 Ng4 51. Ne1 Ne5 52. Nd3 Nxd3 53. Kxd3 h4 54. Ke4 Kxc4 55. Kxf4 Kb4 56. Kg4 Kxa4 57. Kxh4 Kxb5 58. g4 a4 59. g5 a3 60. g6 a2 61. g7 a1Q 62. g8Q Qh1  0-1